| 000 | 00598nam a2200181Ia 4500 | ||
|---|---|---|---|
| 999 |
_c709 _d709 |
||
| 020 | _a0-566 050145 | ||
| 082 | _aRR 025.30285 DOW; | ||
| 245 | 0 | _aDownloading bibliographic records: edited by John Foulkes | |
| 260 |
_aLondon _bGower Publishing _c1986 |
||
| 300 | _aviii, 72p. | ||
| 504 | _aIncludes index. Proceedings of one day seminar sponsored by the MARC user group | ||
| 650 | _aMachine-readable bibliographic data | ||
| 650 | _aLibraries - Automation | ||
| 650 | _aLibrary information networks | ||
| 650 | _aOnline data processing - Downloading | ||
| 700 | _aFoulkes, John | ||
| 942 | _cBK | ||